PMA en Afrique - Statistiques

Statistiques générales
  • Ce quiz a été pris 159 fois
  • Le résultat moyen est 25 sur 33
Réponses sur la Carte
Les réponses sont colorées sur une échelle allant du rouge au vert en fonction du pourcentage des utilisateurs qui les ont devinées à leur premier essai. Vous pouvez retrouver ces pourcentages ci-dessous.
 
Statistiques - réponses
Réponse % Correct
Niger
95%
République démocratique du Congo
88%
Soudan
88%
Mali
86%
Ethiopie
84%
Erythrée
82%
Sénégal
82%
Soudan du Sud
82%
Tchad
82%
Guinée
81%
Madagascar
81%
Burkina Faso
79%
Somalie
79%
Zambie
77%
Angola
75%
Bénin
75%
République centrafricaine
75%
Rwanda
75%
Tanzanie
75%
Togo
75%
Mauritanie
74%
Guinée-Bissau
72%
Mozambique
72%
Burundi
70%
Djibouti
70%
Lesotho
70%
Ouganda
70%
Sierra Leone
70%
Comores
67%
Gambie
67%
Malawi
65%
Libéria
63%
Sao Tomé-et-Principe
53%
Aucun quiz correspondant
Distribution des résultats
% des personnes avec chaque résultat
Percentile par nombre de réponses
Votre historique - résultats
Vous n’avez pas pris ce quiz